Nombre de pays qui commencent par telle lettre - Statistiques

Statistiques générales
  • Ce quiz a été pris 139 fois
  • Le résultat moyen est 24 sur 24
Statistiques - réponses
Hint Réponse % Correct
Q 1
100%
Y 1
100%
G 11
100%
P 11
100%
U 2
100%
Z 2
100%
F 3
100%
H 3
100%
J 3
100%
O 3
100%
D 4
100%
R 4
100%
V 4
100%
K 5
100%
I 8
100%
E 9
100%
L 9
100%
N 9
100%
T 13
99%
A 14
98%
B 17
98%
C 19
98%
M 19
98%
S 23
98%
Aucun quiz correspondant
Distribution des résultats
% des personnes avec chaque résultat
Percentile par nombre de réponses
Votre historique - résultats
Vous n’avez pas pris ce quiz